[Event "51st Groningen Open A 2013"]
[Site "Groningen NED"]
[Date "2013.12.27"]
[Round "6.37"]
[White "Maris, Ivo"]
[Black "De Groot, Hendrik"]
[Result "0-1"]
[WhiteElo "2161"]
[BlackElo "2063"]
[WhiteFideId "1028146"]
[BlackFideId "1037021"]
[EventDate "2013.12.21"]

1. Nf3 Nf6 2. d4 b6 3. g3 Bb7 4. Bg2 e6 5. c4 Be7 6. O-O O-O 7. Nc3 d6 8. Qc2
Nbd7 9. Rd1 c5 10. b3 Rc8 11. d5 exd5 12. cxd5 a6 13. a4 b5 14. axb5 axb5 15. e4
Qb6 16. Bf1 Ba6 17. h3 Ra8 18. Be3 b4 19. Na4 Qb7 20. Nb2 Bxf1 21. Rxf1 Rxa1 22.
Rxa1 Nb6 23. Nd2 Nfd7 24. Nbc4 f5 25. Bf4 fxe4 26. Bxd6 Bxd6 27. Nxd6 Qxd5 28.
N2xe4 Rf3 29. Qe2 Qxb3 30. Nd2 Rxg3+ 31. Kf1 Qd3 32. fxg3 Qxd6 33. Ne4 Qe6 34.
Kg2 c4 35. Rf1 Qc6 36. Kh2 h6 37. Ng5 Qg6 38. Nf7 Nf6 39. Nd6 c3 40. Nf5 Kh7 41.
Qe5 Nbd5 42. g4 Qe8 43. Qxe8 Nxe8 44. Nd4 Nd6 45. Rb1 Nc4 46. Ne2 c2 47. Rb3 Na5
48. Rd3 b3 49. Nc1 Ne3 50. Kg3 Kg6 51. h4 Nec4 52. Rxb3 Nxb3 53. Nxb3 Kf6 54.
Kf4 g5+ 55. hxg5+ hxg5+ 56. Kg3 Ke5 57. Nc5 Kd4 58. Nb3+ Kc3 59. Nc1 Ne5 60.
Ne2+ Kd2 61. Nd4 c1=Q 0-1

[Event "51st Groningen Open A 2013"]
[Site "Groningen NED"]
[Date "2013.12.27"]
[Round "6.38"]
[White "Senders, Mischa"]
[Black "Dehn, Marcus"]
[Result "0-1"]
[WhiteElo "2058"]
[BlackElo "2135"]
[WhiteFideId "1038370"]
[BlackFideId "4667093"]
[EventDate "2013.12.21"]

1. e4 c6 2. d4 d5 3. Nc3 a6 4. Nf3 Bg4 5. Be2 e6 6. O-O Bd6 7. e5 Be7 8. a4 b6
9. Qd2 Nd7 10. Nd1 b5 11. Ne3 Bxf3 12. Bxf3 h5 13. b3 b4 14. c4 bxc3 15. Qxc3 c5
16. dxc5 Bxc5 17. Ba3 Bxa3 18. Rxa3 Rc8 19. Qd4 Ne7 20. Be2 Nc6 21. Qd2 a5 22.
f4 Nb4 23. Raa1 g6 24. Kh1 Nc5 25. Bb5+ Kf8 26. Qb2 Ne4 27. Rac1 Rxc1 28. Qxc1
Qb6 29. Qe1 Kg7 30. f5 exf5 31. Qe2 Qc7 32. Qb2 Qc3 33. Qxc3 Nxc3 34. Rc1 Rc8
35. Ba6 Rc7 36. Bf1 f4 37. Nd1 Nb5 38. Rxc7 Nxc7 39. Nb2 Ne6 40. Nd3 Nxd3 41.
Bxd3 Nc5 42. Bc2 Kf8 43. e6 Nxe6 44. b4 axb4 45. a5 Ke7 46. a6 Kd6 47. a7 Nc7
48. Kg1 Kc5 49. Bb3 f6 50. Kf2 h4 51. Kf3 g5 52. h3 Kb6 53. Bxd5 Kxa7 54. Bb3 f5
55. Ke2 Kb6 56. Kd3 Kc5 57. Bf7 Nd5 58. Be6 Ne3 0-1

[Event "51st Groningen Open A 2013"]
[Site "Groningen NED"]
[Date "2013.12.27"]
[Round "6.40"]
[White "Stolwijk, Colin"]
[Black "Van Foreest, Lucas"]
[Result "1/2-1/2"]
[WhiteElo "2041"]
[BlackElo "2120"]
[WhiteFideId "1033743"]
[BlackFideId "1039792"]
[EventDate "2013.12.21"]

1. e4 e5 2. Bc4 Nc6 3. Nc3 Nf6 4. d3 a6 5. f4 d6 6. Nf3 exf4 7. Bxf4 Na5 8. O-O
Nxc4 9. dxc4 Be6 10. Qe2 Be7 11. Rad1 O-O 12. c5 Nh5 13. Be3 Qc8 14. cxd6 Bxd6
15. e5 Be7 16. Nd5 Bd8 17. Ng5 Bxg5 18. Bxg5 Bxd5 19. Rxd5 Qe6 20. Rfd1 g6 21.
Qe3 Rfe8 22. Rd7 Rac8 23. Qf3 Ng7 24. Qxb7 Qxe5 25. Qd5 Qxd5 26. R1xd5 Nf5 27.
Rd8 Nd6 28. Rxc8 Rxc8 29. Bf4 Nf5 30. Ra5 Nd4 31. Kf1 Nxc2 32. Rxa6 c5 33. Rb6
Nb4 34. Bd6 Nxa2 35. Rb8 Rxb8 36. Bxb8 c4 37. Be5 Kf8 38. Ke2 Ke7 39. Kd2 Ke6
40. Bd4 Nb4 41. Kc3 Kd5 42. Bf6 Nd3 43. b3 Nf4 44. g3 Ne2+ 45. Kd2 Nd4 46. bxc4+
Kxc4 47. Ke3 Ne6 48. Ke4 Nc5+ 49. Ke3 Kd5 50. Kf3 h5 51. h3 Nd7 52. Bd8 f5 53.
Kf4 Nf8 54. Bf6 Ne6+ 55. Kf3 Nc5 56. Be7 Nd3 57. Ke3 Ne5 58. Bd8 Ke6 59. Bc7 g5
60. Bd8 Nf7 61. Bc7 Kd7 62. Bb8 Nd8 63. Be5 Ne6 64. Bb8 Ke7 65. Be5 Kf7 66. Kf3
Kg6 67. Ke3 Kf7 68. Kf3 Ke7 69. Ke3 Kd7 70. Bb8 Kc6 71. Be5 Kd5 72. Bf6 Kc4 73.
Bxg5 Nxg5 74. Kf4 Ne4 75. Kxf5 Kd5 76. g4 h4 77. g5 Nxg5 78. Kxg5 Ke4 79. Kxh4
Kf5 1/2-1/2

[Event "51st Groningen Open A 2013"]
[Site "Groningen NED"]
[Date "2013.12.27"]
[Round "6.42"]
[White "Hummel, Paul"]
[Black "Hulshof, Peter"]
[Result "1/2-1/2"]
[WhiteElo "2011"]
[BlackElo "2215"]
[WhiteFideId "1021168"]
[BlackFideId "1003291"]
[EventDate "2013.12.21"]

1. Nf3 g6 2. g3 Bg7 3. d4 d6 4. Bg2 Nf6 5. O-O O-O 6. c4 Nbd7 7. Nc3 h6 8. b3 c6
9. Bb2 Qc7 10. Rc1 e5 11. d5 c5 12. e4 a6 13. Qd3 Nh7 14. Nh4 Bf6 15. a4 Qd8 16.
Nf3 Bg7 17. Nh4 Bf6 18. Nf3 Bg7 19. Nh4 Bf6 1/2-1/2

[Event "51st Groningen Open A 2013"]
[Site "Groningen NED"]
[Date "2013.12.27"]
[Round "6.43"]
[White "Vereggen, Lars"]
[Black "Majhi, Ankit"]
[Result "1-0"]
[WhiteElo "2147"]
[BlackElo "2058"]
[WhiteFideId "1029258"]
[BlackFideId "1033735"]
[EventDate "2013.12.21"]

1. d4 Nf6 2. c4 g6 3. Nc3 Bg7 4. e4 d6 5. f3 O-O 6. Be3 Nc6 7. Nge2 a6 8. Qd2
Rb8 9. Rc1 Bd7 10. Nd1 e5 11. d5 Ne7 12. g3 Ne8 13. Bg2 c5 14. O-O b5 15. Nf2 f5
16. Kh1 bxc4 17. Rxc4 f4 18. gxf4 Bb5 19. Rc2 exf4 20. Nxf4 Bxf1 21. Bxf1 Nc7
22. Bh3 Kh8 23. Kg2 Nc8 24. b3 Qh4 25. Ne6 Nxe6 26. Bxe6 Qf6 27. Qe2 Na7 28. Ng4
Qa1 29. Qxa6 Nb5 30. Nh6 Bxh6 31. Bxh6 Rxf3 32. Kxf3 Nd4+ 33. Kg2 Nxc2 34. Qxd6
Ne1+ 35. Kh3 Ra8 36. Qg3 Nc2 37. Kh4 Qd4 38. Bf4 Qxe4 39. Kg5 h5 40. Kh6 1-0

[Event "51st Groningen Open A 2013"]
[Site "Groningen NED"]
[Date "2013.12.27"]
[Round "6.44"]
[White "Khelaia, Giorgi"]
[Black "Chernukhin, Alexander"]
[Result "1-0"]
[WhiteElo "2110"]
[BlackElo "2145"]
[WhiteFideId "13604600"]
[BlackFideId "24177199"]
[EventDate "2013.12.21"]

1. c4 e6 2. Nf3 f5 3. g3 b6 4. Bg2 Bb7 5. O-O Nf6 6. d3 g6 7. Nc3 Bg7 8. Bd2 O-O
9. b4 Qe7 10. a4 c5 11. bxc5 bxc5 12. Rb1 Bc6 13. Nb5 d6 14. d4 e5 15. d5 Bxb5
16. Rxb5 Ne4 17. Ba5 Na6 18. Re1 Nf6 19. Qb1 e4 20. Nd2 Rab8 21. Qb3 Nd7 22. Rb1
Rxb5 23. cxb5 Nab8 24. Bc3 Ne5 25. a5 Nbd7 26. Qa4 Qf6 27. Nc4 f4 28. Bxe5 Nxe5
29. Nxe5 Qxe5 30. b6 axb6 31. axb6 e3 32. fxe3 fxg3 33. b7 gxh2+ 34. Kh1 Rb8 35.
Qa5 Qxe3 36. Qc7 Bd4 37. Qxb8+ Kg7 38. Qh8+ Kxh8 39. b8=Q+ Kg7 40. Rb7+ Kh6 41.
Qf8+ Kg5 42. Qe7+ Qxe7 43. Rxe7 Be5 44. Rxh7 c4 45. Be4 Kf4 46. Bxg6 Ke3 47. Rc7
c3 48. Bd3 Kd4 49. Bc4 Bf4 50. Bb3 Be5 51. Re7 Bf6 52. Re6 Be5 53. Kg2 Bf4 54.
Re7 Be5 55. e3+ Ke4 56. Re8 Kf5 57. Bc2+ Kf6 58. Re6+ 1-0

[Event "51st Groningen Open A 2013"]
[Site "Groningen NED"]
[Date "2013.12.27"]
[Round "6.45"]
[White "Lee, Kai Jie Edward"]
[Black "Brookes, Christopher"]
[Result "1-0"]
[WhiteElo "2145"]
[BlackElo "2182"]
[WhiteFideId "5802920"]
[BlackFideId "4669355"]
[EventDate "2013.12.21"]

1. e4 c5 2. Nf3 Nc6 3. d4 cxd4 4. Nxd4 Nf6 5. Nc3 d6 6. Bc4 Bd7 7. O-O g6 8.
Nxc6 Bxc6 9. Nd5 Bg7 10. Bg5 O-O 11. Bxf6 exf6 12. Qd3 Qd7 13. Rad1 Rad8 14. b4
b5 15. Bb3 Rfe8 16. Rfe1 a6 17. Re3 Re5 18. f4 Ree8 19. Kh1 Qc8 20. c4 Qb7 21.
a3 Qa7 22. Rg3 Bxd5 23. Qxd5 f5 24. cxb5 Rxe4 25. b6 Qxb6 26. Qxf7+ Kh8 27. Rxg6
Qd4 28. h3 Qxd1+ 29. Bxd1 hxg6 30. Qxg6 Rxf4 31. Qh5+ Kg8 32. Bb3+ d5 33. Qg5
Rf1+ 34. Kh2 Rd6 35. Qe7 Rg6 36. Bxd5+ Kh7 37. Qe2 Ra1 38. Qh5+ Bh6 39. Qxf5
Rxa3 40. Be4 Rg3 41. Qf7+ Bg7 42. h4 Rg4 43. h5 1-0

[Event "51st Groningen Open A 2013"]
[Site "Groningen NED"]
[Date "2013.12.27"]
[Round "6.47"]
[White "Den Hartog, Marijn"]
[Black "Zojer, Thomas"]
[Result "1-0"]
[WhiteElo "2025"]
[BlackElo "2117"]
[WhiteFideId "1046098"]
[BlackFideId "1616986"]
[EventDate "2013.12.21"]

1. e4 c5 2. Nc3 d6 3. f4 g6 4. Nf3 Bg7 5. Bb5+ Bd7 6. Bc4 e6 7. d4 cxd4 8. Nxd4
a6 9. Be3 Nc6 10. O-O Na5 11. Be2 Ne7 12. Qd2 Qc7 13. Rad1 Rc8 14. Nf3 d5 15.
Ne5 O-O 16. exd5 exd5 17. Nxd7 Qxd7 18. Nxd5 Qxd5 19. Qxd5 Nxd5 20. Rxd5 Rfe8
21. Rf3 Nc6 22. c3 Re6 23. Kf2 b5 24. Bd2 Ne7 25. Rd7 Nf5 26. Rfd3 Bf6 27. Bf3
Ne7 28. Bb7 Rb8 29. Be3 Nf5 30. Bc5 Rbe8 31. Bd5 Re2+ 32. Kf3 Nh4+ 33. Kg4 Nxg2
34. Bxf7+ Kh8 35. Bxe8 Rxe8 36. Rf7 h5+ 37. Kg3 Ne1 38. Rdd7 h4+ 39. Kg4 1-0

[Event "51st Groningen Open A 2013"]
[Site "Groningen NED"]
[Date "2013.12.27"]
[Round "6.48"]
[White "Henseler, Jorgen"]
[Black "Dirksen, Marieke"]
[Result "1/2-1/2"]
[WhiteElo "2073"]
[BlackElo "2012"]
[WhiteFideId "1023233"]
[BlackFideId "1032160"]
[EventDate "2013.12.21"]

1. e4 c5 2. Nf3 d6 3. d4 cxd4 4. Nxd4 Nf6 5. Nc3 a6 6. Bg5 e6 7. f4 Be7 8. Qf3
Nc6 9. O-O-O Qc7 10. Nb3 Bd7 11. g4 O-O-O 12. Bg2 Kb8 13. Rhe1 Bc8 14. h3 Ne8
15. Bxe7 Qxe7 16. Kb1 g5 17. e5 gxf4 18. exd6 Rxd6 19. Qxf4 Ka8 20. Rxd6 Nxd6
21. Bxc6 bxc6 22. Qb4 Qc7 23. Rd1 Rd8 24. Nc5 Nb5 25. Rxd8 Qxd8 26. a4 Qd4 27.
Qxd4 Nxd4 28. N3e4 f5 29. Nd6 Kb8 30. c3 fxg4 31. hxg4 Nf3 32. Nxc8 Kxc8 33.
Nxe6 h6 34. Kc2 a5 35. Kd1 Ne5 36. g5 hxg5 37. Nxg5 c5 38. b3 Kc7 39. Kc2 Kc6
40. Ne4 Nd7 41. Kd3 Kd5 42. Nd2 Ne5+ 43. Ke3 c4 44. Kf4 cxb3 45. Nxb3 Nd3+ 46.
Ke3 Nb2 47. Nxa5 1/2-1/2

[Event "51st Groningen Open A 2013"]
[Site "Groningen NED"]
[Date "2013.12.27"]
[Round "6.49"]
[White "Stavast, Dick"]
[Black "Hummel, Joop"]
[Result "1-0"]
[WhiteElo "2066"]
[BlackElo "2006"]
[WhiteFideId "1014005"]
[BlackFideId "1012126"]
[EventDate "2013.12.21"]

1. g3 d5 2. Bg2 c6 3. Nf3 Nf6 4. d4 g6 5. O-O Bg7 6. Re1 O-O 7. c4 dxc4 8. a4
Nd5 9. Na3 c3 10. bxc3 Nxc3 11. Qb3 Nd5 12. e4 Qb6 13. Qc4 Nf6 14. Rb1 Qa5 15.
h3 Qh5 16. g4 Qa5 17. Qc2 Qc7 18. Nc4 b6 19. Nce5 Bb7 20. Bf4 Qd8 21. Rbd1 Qc8
22. Qb3 Na6 23. Ng5 e6 24. Bf1 h6 25. Ngf3 c5 26. d5 Kh7 27. Bc4 exd5 28. exd5
Nd7 29. Nc6 Nf6 30. Ne7 Qd7 31. d6 Nxg4 32. Bb5 c4 33. Qxc4 Ne5 34. Nxe5 Qxh3
35. Bc6 Bxc6 36. Qxc6 Nc5 37. Qd5 Ne6 38. Bg3 Ng5 39. Qg2 Qh5 40. Rd3 Rad8 41.
N7c6 Ra8 42. d7 Ne6 43. Nxf7 Nc5 44. Rd5 1-0

[Event "51st Groningen Open A 2013"]
[Site "Groningen NED"]
[Date "2013.12.27"]
[Round "6.50"]
[White "Keetman, Maaike"]
[Black "Veltman, Anne"]
[Result "1-0"]
[WhiteElo "1899"]
[BlackElo "2052"]
[WhiteFideId "1033697"]
[BlackFideId "1026917"]
[EventDate "2013.12.21"]

1. e4 e6 2. d4 d5 3. e5 c5 4. c3 Qb6 5. Nf3 Bd7 6. a3 a5 7. Bd3 Bb5 8. O-O Nc6
9. Bxb5 Qxb5 10. a4 Qb6 11. Na3 Nh6 12. h4 cxd4 13. cxd4 Nf5 14. Nb5 Be7 15. g4
Nxh4 16. Nxh4 Bxh4 17. g5 h5 18. gxh6 gxh6 19. Nd6+ Kd7 20. Be3 f5 21. Rc1 f4
22. Rc5 fxe3 23. Rb5 e2 24. Qxe2 Nxd4 25. Qe3 Bg5 26. Rxb6 Bxe3 27. fxe3 Rhg8+
28. Kh1 Ne2 29. Rf7+ Kd8 30. Rbxb7 Ng3+ 31. Kh2 1-0

[Event "51st Groningen Open A 2013"]
[Site "Groningen NED"]
[Date "2013.12.27"]
[Round "6.51"]
[White "Sandvik, Thomas"]
[Black "Mollema, Thomas"]
[Result "0-1"]
[WhiteElo "2083"]
[BlackElo "1977"]
[WhiteFideId "503231"]
[BlackFideId "1034987"]
[EventDate "2013.12.21"]

1. e4 e5 2. Nf3 Nc6 3. d4 exd4 4. Bc4 Nf6 5. O-O Bc5 6. e5 d5 7. exf6 dxc4 8.
Re1+ Be6 9. Ng5 Qd5 10. Nc3 Qf5 11. Nce4 O-O-O 12. g4 Qe5 13. Nxe6 fxe6 14. fxg7
Rhg8 15. Bh6 d3 16. c3 d2 17. Re2 Rd3 18. Qf1 Rgd8 19. Nxd2 Qf6 20. g5 Qf4 21.
Ne4 Ne5 22. Ng3 Rf3 23. Qg2 Ng6 24. Nh5 Qf5 25. Nf6 Rf4 26. Re4 Rxf2 0-1

[Event "51st Groningen Open A 2013"]
[Site "Groningen NED"]
[Date "2013.12.28"]
[Round "7.1"]
[White "Romanov, Evgeny"]
[Black "L'Ami, Erwin"]
[Result "0-1"]
[WhiteTitle "GM"]
[BlackTitle "GM"]
[WhiteElo "2654"]
[BlackElo "2645"]
[WhiteFideId "4148843"]
[BlackFideId "1007998"]
[EventDate "2013.12.21"]

1. d4 Nf6 2. c4 e6 3. Nc3 Bb4 4. e3 O-O 5. Bd3 d5 6. Nf3 c5 7. O-O dxc4 8. Bxc4
b6 9. Qe2 Bb7 10. Rd1 cxd4 11. Nxd4 Qe7 12. Bd2 a6 13. a3 Bd6 14. Ba2 Nbd7 15.
Be1 Rac8 16. Rac1 Rfd8 17. f3 Ne5 18. f4 Ng6 19. f5 exf5 20. Nxf5 Qe5 21. Nxd6
Rxd6 22. Bg3 Rxd1+ 23. Rxd1 Qe7 24. Rf1 Re8 25. e4 b5 26. Rf5 Bxe4 27. Nxe4 Qxe4
28. Qxe4 Rxe4 29. Rc5 h5 30. Rc7 Re7 31. Bd6 Rxc7 32. Bxc7 Kf8 33. Kf2 Ke7 34.
Ke3 Nf8 35. h3 Ne6 36. Ba5 Kd6 37. Bb4+ Kc6 38. Bd2 g6 39. Kf3 Nd5 40. Ke4 Kd6
41. g4 hxg4 42. hxg4 f5+ 43. gxf5 Nf6+ 44. Kf3 gxf5 45. Bf4+ Kd7 46. Be5 Ne4 47.
Ke3 Nd6 48. Kd3 Nc8 49. Kc3 Ne7 50. Bh2 Nc5 51. Bf7 Na4+ 52. Kc2 Nc6 53. b3 Nc5
54. Bd5 Ne4 55. Kd3 Nf6 56. Bg2 Na5 57. Kc3 Ne4+ 58. Bxe4 fxe4 59. Kd4 Nxb3+ 60.
Kxe4 Nd2+ 61. Kd5 Nc4 62. Kc5 Nxa3 63. Kb6 Nc4+ 64. Kxa6 Kc6 65. Bf4 b4 66. Bh6
b3 67. Bc1 Kc5 68. Ka7 Kb5 69. Kb7 Kb4 70. Ka6 Kc3 71. Kb5 Nd6+ 72. Ka4 Kc2 73.
Kb4 Ne4 74. Ba3 Nd2 75. Ka4 Nc4 76. Bc1 Nb2+ 77. Ka3 Nd3 0-1

[Event "51st Groningen Open A 2013"]
[Site "Groningen NED"]
[Date "2013.12.28"]
[Round "7.2"]
[White "Andriasian, Zaven"]
[Black "Michalik, Peter"]
[Result "1/2-1/2"]
[WhiteTitle "GM"]
[BlackTitle "GM"]
[WhiteElo "2610"]
[BlackElo "2577"]
[WhiteFideId "13302000"]
[BlackFideId "14907526"]
[EventDate "2013.12.21"]

1. e4 e5 2. Nf3 Nc6 3. Bc4 Bc5 4. c3 Nf6 5. d3 O-O 6. O-O d6 7. Nbd2 a6 8. Bb3
Ba7 9. h3 Ne7 10. Re1 Ng6 11. d4 Re8 12. Bc2 Bd7 13. Nf1 d5 14. Nxe5 Nxe4 15.
Nxg6 hxg6 16. Nd2 Nxd2 17. Rxe8+ Qxe8 18. Bxd2 c6 19. Qf3 Qf8 20. Bf4 Qe7 21.
Be5 Bb8 22. Bxb8 1/2-1/2

[Event "51st Groningen Open A 2013"]
[Site "Groningen NED"]
[Date "2013.12.28"]
[Round "7.3"]
[White "Ernst, Sipke"]
[Black "Bok, Benjamin"]
[Result "1/2-1/2"]
[WhiteTitle "GM"]
[BlackTitle "IM"]
[WhiteElo "2566"]
[BlackElo "2540"]
[WhiteFideId "1004689"]
[BlackFideId "1017063"]
[EventDate "2013.12.21"]

1. d4 Nf6 2. Nf3 g6 3. Bg5 Bg7 4. Nbd2 O-O 5. c3 d6 6. e4 c5 7. dxc5 dxc5 8. Be2
Nc6 9. O-O Qc7 10. Qc2 b6 11. h3 Nh5 12. Rfe1 Nf4 13. Bf1 h6 14. Bxf4 Qxf4 15.
e5 Rd8 16. Nc4 Be6 17. Qa4 Bxc4 18. Bxc4 e6 19. Qxc6 Qxc4 20. a4 Rab8 21. Qb5
Qxb5 22. axb5 Rb7 23. Ra4 Rd5 24. c4 Rdd7 25. Kf1 Kf8 26. Ke2 Ke7 27. Ra3 Kd8
28. Rd1 Rxd1 29. Kxd1 Rd7+ 30. Ke2 Kc8 31. g4 Kb7 32. Rd3 Rxd3 33. Kxd3 Kc7 34.
Ke4 Kd7 35. b3 Ke7 36. Ne1 Bf8 37. f4 Kd7 38. Nc2 Be7 39. Ne3 Ke8 40. Nd1 Bh4
41. Nb2 Be1 42. Nd3 Bc3 43. Kf3 Bd4 44. b4 Kd7 45. Ke4 Bg1 46. bxc5 Bxc5 47. h4
Be7 48. h5 gxh5 49. gxh5 Bc5 50. Ne1 Bf8 51. Nf3 Bc5 52. Nh2 Bf8 53. Ng4 Kd8 54.
Kd3 Kd7 55. Ke4 Kd8 56. f5 Kd7 57. Nf6+ Kd8 58. Ng4 Kd7 59. f6 Kd8 60. Kd3 Kc7
61. Nf2 Kd7 62. Ng4 Kc7 63. c5 bxc5 64. Kc4 Kb6 65. Nf2 a6 66. bxa6 Kxa6 67. Nd3
Kb6 68. Nf4 Kc6 69. Ng6 Bd6 70. exd6 Kxd6 71. Kd3 e5 72. Ke4 fxg6 73. hxg6 Ke6
74. g7 Kf7 75. Kxe5 c4 76. Kd6 c3 77. g8=Q+ Kxg8 78. Ke7 c2 79. f7+ Kh7 80. f8=Q
c1=Q 1/2-1/2

[Event "51st Groningen Open A 2013"]
[Site "Groningen NED"]
[Date "2013.12.28"]
[Round "7.5"]
[White "Kovchan, Alexander"]
[Black "Peng, Zhaoqin"]
[Result "1/2-1/2"]
[WhiteTitle "GM"]
[BlackTitle "GM"]
[WhiteElo "2562"]
[BlackElo "2369"]
[WhiteFideId "14103052"]
[BlackFideId "1004786"]
[EventDate "2013.12.21"]

1. e4 e6 2. d4 d5 3. Nc3 Nf6 4. e5 Nfd7 5. f4 c5 6. Nf3 Nc6 7. Be3 cxd4 8. Nxd4
Bc5 9. Qd2 Bxd4 10. Bxd4 Nxd4 11. Qxd4 Qb6 12. Qxb6 Nxb6 13. Nb5 Ke7 14. O-O-O
Bd7 15. Nd4 a6 16. h4 h5 17. Rh3 Na4 18. Rb3 b5 19. Rg3 g6 20. b3 Nc5 21. b4 Ne4
22. Rb3 a5 23. Bd3 axb4 24. Bxe4 dxe4 25. Kb1 Ra4 26. Re1 Rha8 27. Rxe4 Rxa2 28.
Rxb4 Ra1+ 29. Kb2 R8a2+ 30. Kc3 Ra3+ 31. Rb3 Ra4 32. Kd2 Rg1 33. g3 Rg2+ 34. Kc1
Rc4 35. Rd3 Rgxc2+ 36. Nxc2 Rxe4 37. Nd4 Re1+ 38. Kd2 Ra1 39. Rb3 Ra4 40. Ke3
Ra2 41. Nxb5 Rg2 42. Nd4 Rxg3+ 43. Ke4 Rxb3 1/2-1/2

[Event "51st Groningen Open A 2013"]
[Site "Groningen NED"]
[Date "2013.12.28"]
[Round "7.6"]
[White "Kohlweyer, Bernd"]
[Black "Novikov, Stanislav"]
[Result "1/2-1/2"]
[WhiteTitle "IM"]
[BlackTitle "GM"]
[WhiteElo "2431"]
[BlackElo "2556"]
[WhiteFideId "4600622"]
[BlackFideId "4125371"]
[EventDate "2013.12.21"]

1. d4 Nf6 2. c4 g6 3. Nc3 Bg7 4. e4 d6 5. f3 O-O 6. Be3 Nc6 7. Nge2 a6 8. Qd2
Rb8 9. Rc1 Bd7 10. Nd1 e6 11. Nf2 b5 12. c5 b4 13. Ng3 a5 14. cxd6 cxd6 15. Bd3
Ne8 16. Ne2 Nc7 17. O-O Nb5 18. Bc4 a4 19. d5 Ne5 20. dxe6 fxe6 21. Nd3 Nxd3 22.
Bxd3 Qf6 23. Bxb5 Bxb5 24. Bd4 e5 25. Be3 Qe6 26. a3 bxa3 27. bxa3 Bxe2 28. Qxe2
Rb3 29. Qa2 Qf7 30. Bd2 Rxf3 31. Qxf7+ R3xf7 32. Rxf7 Rxf7 33. Rc8+ Rf8 34. Rc6
Rd8 35. Ra6 d5 36. Bg5 Rd7 37. exd5 Rxd5 38. Ra8+ Kf7 39. Ra7+ Kg8 40. Ra8+ Kf7
41. Ra7+ Kg8 42. Ra8+ 1/2-1/2

[Event "51st Groningen Open A 2013"]
[Site "Groningen NED"]
[Date "2013.12.28"]
[Round "7.9"]
[White "Willemze, Thomas"]
[Black "Klein, David"]
[Result "0-1"]
[WhiteTitle "IM"]
[BlackTitle "IM"]
[WhiteElo "2421"]
[BlackElo "2491"]
[WhiteFideId "1007238"]
[BlackFideId "1003623"]
[EventDate "2013.12.21"]

1. e4 c5 2. Nf3 e6 3. d3 Nc6 4. g3 d5 5. Qe2 Nf6 6. Bg2 Be7 7. O-O d4 8. e5 Nd7
9. h4 Qc7 10. Re1 h6 11. h5 b6 12. Na3 a6 13. c3 dxc3 14. bxc3 Bb7 15. Nc2 Na5
16. Bf4 c4 17. d4 b5 18. Ne3 Nb6 19. Nf5 Nd5 20. Nd6+ Bxd6 21. exd6 Qd8 22. Be5
O-O 23. Qd2 Bc6 24. g4 Nb7 25. g5 hxg5 26. Nxg5 Nxd6 27. h6 Nf5 28. hxg7 Re8 29.
Bxd5 Bxd5 30. Ne4 Bxe4 31. Rxe4 f6 32. Bg3 Ra7 33. Rae1 Qd5 34. Rg4 Rxg7 35. Qf4
Re7 36. Re4 Rxg4 37. Qb8+ Kh7 38. Rxg4 Rg7 39. Rxg7+ Kxg7 40. Qa7+ Kg6 41. Qxa6
Nxg3 42. fxg3 Kf5 43. Qa7 Ke4 44. Qh7+ Ke3 45. Qc2 Qf3 46. Qc1+ Kd3 47. Kh2 Qh5+
48. Kg2 Qg5 49. Qa1 Kc2 50. a4 bxa4 0-1

[Event "51st Groningen Open A 2013"]
[Site "Groningen NED"]
[Date "2013.12.28"]
[Round "7.10"]
[White "Azaladze, Shota"]
[Black "L'Ami, Alina"]
[Result "1-0"]
[WhiteTitle "IM"]
[BlackTitle "WGM"]
[WhiteElo "2482"]
[BlackElo "2390"]
[WhiteFideId "13603027"]
[BlackFideId "1210246"]
[EventDate "2013.12.21"]

1. Nf3 Nf6 2. g3 g6 3. b3 Bg7 4. Bb2 d6 5. d4 a5 6. c4 a4 7. b4 c5 8. dxc5 dxc5
9. Qxd8+ Kxd8 10. b5 Be6 11. Na3 h6 12. Bg2 Nbd7 13. O-O Kc7 14. Rfd1 Rad8 15.
Ne1 Nh5 16. Nd3 Bxb2 17. Nxb2 Nb6 18. Nd3 Nxc4 19. Nxc4 Bxc4 20. b6+ Kb8 21.
Nxc5 Bxe2 22. Nd7+ Ka8 23. Rd5 Ba6 24. Rad1 e5 25. Ra5 1-0

[Event "51st Groningen Open A 2013"]
[Site "Groningen NED"]
[Date "2013.12.28"]
[Round "7.11"]
[White "Cernousek, Lukas"]
[Black "Beukema, Stefan"]
[Result "0-1"]
[WhiteTitle "IM"]
[BlackTitle "FM"]
[WhiteElo "2455"]
[BlackElo "2280"]
[WhiteFideId "311707"]
[BlackFideId "1024523"]
[EventDate "2013.12.21"]

1. d4 f5 2. g3 Nf6 3. Bg2 g6 4. Nf3 Bg7 5. c4 O-O 6. b3 d6 7. Bb2 c6 8. O-O a5
9. Nc3 Qc7 10. Re1 e5 11. dxe5 dxe5 12. e4 f4 13. gxf4 Nh5 14. fxe5 Nf4 15. Ba3
Rd8 16. Bd6 Qd7 17. Nh4 Qf7 18. Qd4 Nd7 19. Nf3 Qe6 20. c5 Nxg2 21. Ng5 Nxe1 22.
Rxe1 Qg4+ 23. Kh1 Qxg5 24. Qc4+ Kh8 25. f4 Qxf4 0-1

[Event "51st Groningen Open A 2013"]
[Site "Groningen NED"]
[Date "2013.12.28"]
[Round "7.13"]
[White "Zakhartsov, Viacheslav V."]
[Black "Estremera Panos, Sergio"]
[Result "1-0"]
[WhiteTitle "GM"]
[BlackTitle "IM"]
[WhiteElo "2555"]
[BlackElo "2365"]
[WhiteFideId "4115333"]
[BlackFideId "2200864"]
[EventDate "2013.12.21"]

1. d4 Nf6 2. c4 e6 3. Nc3 Bb4 4. e3 O-O 5. Ne2 d5 6. a3 Bd6 7. Ng3 c6 8. Be2
dxc4 9. Bxc4 e5 10. O-O Nbd7 11. Ba2 Nb6 12. Qd3 Bc7 13. Rd1 Re8 14. Qc2 exd4
15. Rxd4 Qe7 16. Nce2 Be6 17. Nf5 Bxf5 18. Qxf5 Qe5 19. Qxe5 Bxe5 20. Rd1 Rad8
21. Bb3 Rxd1+ 22. Bxd1 Rd8 23. Bc2 Nc4 24. Ra2 Nd5 25. b3 Ncb6 26. Bd2 g6 27. e4
Nc7 28. Be3 Ne6 29. Kf1 Nd4 30. Nxd4 Bxd4 31. Ke2 Bxe3 32. Kxe3 Kf8 33. f4 Ke7
34. Bd3 Nd7 35. Rc2 Nf6 36. Be2 Ne8 37. g3 Nc7 38. Rc1 Ne6 39. Rd1 Rxd1 40. Bxd1
f6 41. h4 Kd6 42. b4 c5 43. Bb3 cxb4 44. axb4 a6 45. Bc4 Ke7 46. g4 h6 47. e5
fxe5 48. fxe5 Nc7 49. Ke4 b6 50. h5 gxh5 51. gxh5 Kf8 52. Kf5 Kg7 53. e6 a5 54.
b5 a4 55. e7 a3 56. Ke5 Ne8 57. Ke6 Nf6 58. Ba2 Ne8 59. Kd7 1-0